000 00813nam a2200277Ia 4500
003 OSt
005 20221007110841.0
006 a|||||r|||| 00| 0
007 ta
008 221006b |||||||| |||| 00| 0 eng d
020 _a8189479032
024 _a21,993
037 _cTextual
040 _aLCO
_cLCO
_beng
041 _2eng
_aeng
082 _aZ2,16, P5
100 _aPandey Shruti
_9464164
245 0 _aDisability and the Law
_b Human Rights Law Network, India
260 _aNew
_bDelhi Human Rights Law Network India
_c2005
300 _a722
650 _aDISABILITY AND THE LAW
_9706072
700 _a Chirimar Priyanka
_9464165
700 _a D'Souza Deepika
942 _hZ2,16, P5
_cTEXL
999 _c1191556
_d1191556